000 01469cam a2200133 4500500
005 20251214002607.0
041 _afre
042 _adc
100 1 0 _aForestier, Georges
_eauthor
245 0 0 _aLa tragédie française : Règles classiques, passions tragiques
260 _bArmand Colin,
_c2016.
520 _aLes auteurs et théoriciens français du XVIIe siècle, voulant que les spectateurs de tragédie oublient leur statut de spectateurs pour devenir les témoins hallucinés du déchaînement des passions ont rêvé d'abolir toute trace du code artistique pour faire croire aux spectateurs, durant le temps de la représentation, que les événements se racontaient d'eux-mêmes, comme s'il ne s'agissait pas d'une fiction inventée par un dramaturge. Mais pour effacer toute perception du code, ils ont paradoxalement instauré un nouvel ensemble de règles, les "règles classiques". Pour éclairer cette spécificité paradoxale de la tragédie française, pour permettre de comprendre la nature des tragédies de Corneille et Racine, ce livre examine les fondements du système de la représentation classique, les caractéristiques de la dramaturgie propre à la tragédie française et les modalités d'intégration et de fonctionnement des caractères et des passions, avant de finir par interroger la notion de tragique elle-même. 
856 4 1 _uhttps://shs.cairn.info/la-tragedie-francaise--9782200616090?lang=fr&redirect-ssocas=7080
999 _c1567197
_d1567197